|
|
|
|
| LEADER |
00000nam0a2200000 4500 |
| 001 |
87083 |
| 005 |
20231031102021.0 |
| 010 |
|
|
|a 592210554X
|
| 035 |
|
|
|a (RuTPU)RU\TPU\book\93502
|
| 090 |
|
|
|a 87083
|
| 100 |
|
|
|a 20051205d2005 k y0rusy50 ca
|
| 101 |
0 |
|
|a rus
|
| 102 |
|
|
|a RU
|
| 105 |
|
|
|a y z 011zy
|
| 200 |
1 |
|
|a Автоволновые процессы в нелинейных средах с диффузией
|f Е. Ф. Мищенко [и др.]
|
| 210 |
|
|
|a Москва
|c Физматлит
|d 2005
|
| 215 |
|
|
|a 430 с.
|
| 300 |
|
|
|a Посвящ. 250-летию Московского ун-та
|
| 320 |
|
|
|a Библиогр.: с. 421-430.
|
| 610 |
1 |
|
|a математика
|
| 610 |
1 |
|
|a нелинейные системы
|
| 610 |
1 |
|
|a дифференциальные уравнения
|
| 610 |
1 |
|
|a колебания
|
| 610 |
1 |
|
|a диссипативные структуры Тьюринга-Пригожина
|
| 610 |
1 |
|
|a параболические уравнения
|
| 610 |
1 |
|
|a гиперпараболические уравнения
|
| 610 |
1 |
|
|a буферность
|
| 610 |
1 |
|
|a нелинейные среды
|
| 610 |
1 |
|
|a малая диффузия
|
| 610 |
1 |
|
|a высокомодовые аттракторы
|
| 610 |
1 |
|
|a автоволновые процессы
|
| 675 |
|
|
|a 517.925.42
|v 3
|
| 701 |
|
1 |
|a Мищенко
|b Е. Ф.
|g Евгений Фролович
|
| 701 |
|
1 |
|a Садовничий
|b В. А.
|g Виктор Антонович
|
| 701 |
|
1 |
|a Колесов
|b А. Ю.
|g Андрей Юрьевич
|
| 701 |
|
1 |
|a Розов
|b Н. Х.
|g Николай Христович
|
| 801 |
|
1 |
|a RU
|b 63413507
|c 20051205
|g PSBO
|
| 801 |
|
2 |
|a RU
|b 63413507
|c 20060421
|g PSBO
|
| 942 |
|
|
|c BK
|
| 959 |
|
|
|a 102/20051202
|d 1
|e 176,4
|f НФ:1
|